000 00816nam a2200253 a 4500
003 CO-ViMGA
005 20230915233141.0
008 091013s2009 sp gr 00010 spa d
020 _a9788493711023
040 _aCO-ViMGA
_bspa
_cCO-ViMGA
041 1 _heng
043 _ae-uk-en
082 0 4 _a823.8
_bW66v
_219
100 1 _aWoolf, Leonard Sidney,
_d1880-1969.
_94702
245 1 4 _aLas vírgenes sabias /
_cLeonard Woolf ; traducción del inglés e introducción a cargo de Marian Womack.
260 3 _aMadrid :
_bImpedimenta,
_c2009.
300 _a317 p. ;
_c20 cm.
534 _pTítulo original :
_tThe wise virgins.
650 1 4 _aFamilia
_v Novela.
_92234
650 1 4 _aNovela autobiográfica.
_93239
650 6 _aNovela inglesa.
_91291
700 1 _aWomack, Marian,
_etr.
_94703
942 _2ddc
_cBK
999 _c35815
_d35815